Statistics for US Military Aircraft Designations

Click here to take the quiz!

General Stats

  • This quiz has been taken 53 times
  • The average score is 10 of 20

Answer Stats

HintAnswer% Correct
BBomber
100%
AAttack
98%
CCargo
98%
FFighter
98%
HHelicopter
78%
ESpecial Electronic Installation
66%
KTanker
56%
XExperimental/Special Research
49%
VVertical Takeoff (VTOL)
46%
TTrainer
44%
QUnmanned Aerial Vehicle (UAV)
44%
UUtility
37%
GGlider
27%
OObservation
27%
PMaritime Patrol
24%
SAnti-Submarine Warfare
20%
ZLighter-than-air
15%
RReconaissance
15%
WWeather
15%
LLaser Equipped/ Antarctic Missions
12%

Score Distribution

Percentile by Number Answered

Percent of People with Each Score

Your Score History

You have not taken this quiz